000 01069naa a22002897a 4500
001 BR8805657
003 BR-BrBNA
005 20240918180312.0
007 ta
008 230509b bl.||||| |||| 00| 0 por d
040 _aBR-BrBNA
_bpor
_cBiblioteca Nacional de Agricultura
041 _a(Pt)
072 _aL02
_b6100
090 _aL02 BR8805657
100 1 _aTardin, A.C.
111 1 _a4. Seminario dos Produtores de Pintos de Corte
_cCampinas, SP (Brazil)
_d24-26 Jun 1987
245 1 _aAlimentacao de matrizes a tarde: fundamentos, problemas e resultados praticos (avicultura)
260 3 _aCampinas, SP (Brasil):
_c1987.
500 _aAnais do 4. Seminario dos Produtores de Pintos de Corte Campinas, SP (Brasil): 1987. p. 53-60 (BR8805657-AM)L02
650 _aGALINHA PARA POSTURA
650 _aMATRIZ
650 _aNUTRICAO ANIMAL
650 _aARRACOAMENTO
773 0 _tAnais do 4. Seminario dos Produtores de Pintos de Corte
_wL02 BR8805657
_gCampinas, SP (Brasil), 1987. p. 53-60
909 _a202404
_bLucia
_c55
_dLucia Elande
942 _cAM
_2AGRIS
999 _c319677
_d319677